| 000 | 00498nam a22001697a 4500 | ||
|---|---|---|---|
| 005 | 20231030122650.0 | ||
| 008 | 231030b |||||||| |||| 00| 0 eng d | ||
| 020 | _a4090525070 ; 409052515 | ||
| 041 | _aAfrikaans | ||
| 082 | _a347.6 SCH | ||
| 100 |
_aSchmidt, CWH _lAfrikaans |
||
| 245 |
_aDie Bewysreg / _cCWH Schmidt |
||
| 260 |
_aDurban : _bButterworth en Kie. BPK, _c1972 |
||
| 300 |
_blxi, 480 pages ; _c26 cm. |
||
| 650 |
_alegal practice _bLaw |
||
| 942 |
_cBK _6ALISON_BN_VRIES |
||
| 999 |
_c144 _d144 |
||